| 000 | 00691nam a22002057a 4500 | ||
|---|---|---|---|
| 999 |
_c1046 _d1046 |
||
| 003 | AR-CdUCM | ||
| 008 | 190226b ||||| |||| 00| 0 spa d | ||
| 020 | _a847232138X | ||
| 040 |
_aMUNICIPALIDAD PROVINCIAL DEL CUSCO _cBIBLIOTECA MUNICIPAL DEL CUSCO |
||
| 082 |
_a868.6 / _bP86 |
||
| 100 |
_aPrim Setentill, José María _94080 |
||
| 245 | _aUna granja humana / | ||
| 260 |
_aMadrid : _bEdiciones Cultura Hispánica, _c1977. |
||
| 300 |
_a41 paginas ; _c22 cm. |
||
| 500 | _aFinalista del V Premio Tirso de Molina entrgado por el Centro Iberoamericano de Cooperación. | ||
| 650 |
_aTeatro español _9648 |
||
| 650 |
_aTeatro siglo XX _92960 |
||
| 942 |
_2ddc _cLIBROS |
||
| 945 | _azta | ||